| Tag |
First Indicator |
Second Indicator |
Subfields |
| LEADER |
00000cam a2200000 a 4500 |
| 001 |
in00002391613 |
| 005 |
20211129155657.0 |
| 006 |
m d f |
| 007 |
cr mn||||||||| |
| 008 |
080226s2008 dcua sb f000 0 eng c |
| 035 |
|
|
|a (OCoLC)ocn210047532
|
| 037 |
|
|
|b GAO (202)512-6000 (voice); (202)512-6061 (Fax); (202)512-2537 (TDD)
|f paper copy
|
| 040 |
|
|
|a GPO
|c GPO
|d MvI
|d UtOrBLW
|
| 042 |
|
|
|a pcc
|
| 043 |
|
|
|a n-us---
|
| 049 |
|
|
|a WWW
|
| 074 |
|
|
|a 0546-D (online)
|
| 086 |
0 |
|
|a GA 1.13:GAO-08-294
|
| 088 |
|
|
|a GAO-08-294
|
| 110 |
1 |
|
|a United States.
|b Government Accountability Office.
|
| 245 |
1 |
0 |
|a Best practices :
|b increased focus on requirements and oversight needed to improve DOD's acquisition environment and weapon system quality : report to congressional committees.
|
| 246 |
3 |
|
|a Best practices :
|b increased focus on requirements and oversight needed to improve Department of Defense's acquisition environment and weapon system quality
|
| 246 |
3 |
0 |
|a Increased focus on requirements and oversight needed to improve DOD's acquisition environment and weapon system quality
|
| 246 |
1 |
7 |
|a DOD quality management
|
| 264 |
|
1 |
|a [Washington, D.C.] :
|b U.S. Govt. Accountability Office,
|c [2008]
|
| 300 |
|
|
|a ii, 56 pages :
|b digital, PDF file.
|
| 336 |
|
|
|a text
|b txt
|2 rdacontent
|
| 337 |
|
|
|a computer
|b c
|2 rdamedia
|
| 338 |
|
|
|a online resource
|b cr
|2 rdacarrier
|
| 538 |
|
|
|a Mode of access: Internet. Address as of 2/20/08: http://www.gao.gov/new.items/d08294.pdf ; current access available via PURL.
|
| 500 |
|
|
|a Title from title screen (viewed on Feb. 20, 2008).
|
| 500 |
|
|
|a "February 2008."
|
| 500 |
|
|
|a Paper version available from: U.S. Govt. Accountability Office, 441 G St., NW, Rm. LM, Washington, D.C. 20548.
|
| 504 |
|
|
|a Includes bibliographical references.
|
| 500 |
|
|
|a "GAO-08-294."
|
| 500 |
|
|
|a Electronic resource.
|
| 610 |
1 |
0 |
|a United States.
|b Department of Defense
|x Procurement.
|
| 650 |
|
0 |
|a Weapons systems
|z United States.
|
| 650 |
|
0 |
|a Defense contracts
|z United States
|x Evaluation.
|
| 856 |
4 |
0 |
|u https://purl.fdlp.gov/GPO/LPS90857
|t 0
|
| 999 |
|
|
|a MARS
|
| 999 |
f |
f |
|s a8ee52b8-c10a-3ea4-b9d4-a28987beee7b
|i 8dfabd7f-a42c-3aa7-92e5-5cab7878d71b
|t 0
|
| 952 |
f |
f |
|a Texas A&M University
|b College Station
|c Electronic Resources
|d Available Online
|t 0
|e GA 1.13:GAO-08-294
|h Superintendent of Documents classification
|
| 998 |
f |
f |
|a GA 1.13:GAO-08-294
|t 0
|l Available Online
|